| 000 | 00754cam a22002653a 4500 | ||
|---|---|---|---|
| 001 | 18397 | ||
| 003 | PGUSA | ||
| 005 | 20140828083406.0 | ||
| 008 | 060516s2006||||xxu|||||s|||||000 | eng d | ||
| 040 |
_aPGUSA _beng |
||
| 042 | _adc | ||
| 050 | 4 | _aHX | |
| 100 | 1 |
_aFerri, Enrico, _d1856-1929 |
|
| 245 | 1 | 0 |
_aSocialism and Modern Science (Darwin, Spencer, Marx) _h[electronic resource] / _cEnrico Ferri |
| 260 |
_bProject Gutenberg, _c2006 |
||
| 506 | _aPublic domain in the USA. | ||
| 516 | _aElectronic text | ||
| 653 | _aSocialism | ||
| 653 | _aEvolution | ||
| 653 | _aSpencer, Herbert, 1820-1903 | ||
| 700 | 1 | _aLa Monte, Robert Rives | |
| 830 | 0 |
_aProject Gutenberg _v18397 |
|
| 856 | 4 | 0 | _uhttp://www.gutenberg.org/ebooks/18397 |
| 942 | _cEB | ||
| 999 |
_c247652 _d247652 |
||